01344cam a22003254a 450000100090000000300040000900500170001300800410003001000170007102000180008802000150010602500270012103700630014804000180021104200100022904300120023905000270025108200220027824500810030026000490038130000280043050400660045865000470052465100470057170000360061885601060065485600910076085600920085185600750094315591699OSt20231206110314.0090119s2009 ii b 001 0 eng  a 2009341049 a9780195698817 a0195698819 aI-E-2009-341049; 61-92 bLibrary of Congress -- New Delhi Overseas OfficecRs345.00 aDLCcDLCdDLC alcode aa-ii---00aDS480.45b.N32917 2009 a320.540954bBAN/N00aNationalist movement in India :ba reader /cedited by Sekhar Bandyopadhyay. aNew Delhi :bOxford University Press,c2009. axliii, 389 p. ;c22 cm. aIncludes bibliographical references (p. [359]-378) and index. 0aNationalismzIndiayHistoryy20th century. 0aIndiaxPolitics and governmenty1919-1947.1 aBandyopādhyāẏa, Śekhara423Contributor biographical informationuhttp://www.loc.gov/catdir/enhancements/fy0907/2009341049-b.html423Publisher descriptionuhttp://www.loc.gov/catdir/enhancements/fy0907/2009341049-d.html413Table of contents onlyuhttp://www.loc.gov/catdir/enhancements/fy0907/2009341049-t.html423Book review (H-Net)uhttp://www.h-net.org/reviews/showrev.php?id=26457